| 000 | 00414nam a2200181Ia 4500 | ||
|---|---|---|---|
| 008 | 210210b2013 xxu||||| |||| 00| 0 eng d | ||
| 020 | _a0415102308 | ||
| 041 | _aeng | ||
| 082 | _a306 MULC | ||
| 100 | _aMULHERN (Francis) | ||
| 245 | _aCulture metaculture | ||
| 260 |
_aLondon _bRoutledge _c2013 |
||
| 300 | _axxi,198 | ||
| 650 | _ametaculture | ||
| 650 | _aCulture | ||
| 690 | _aCulture | ||
| 906 | _a071991 | ||
| 999 |
_c121810 _d121810 |
||